| 000 | 00801cam a2200277 4500 | ||
|---|---|---|---|
| 008 | 090401t1996 xxu||||| |||| 00| 0 eng d | ||
| 020 | _a0117531928 | ||
| 035 | _a(Sirsi) u77186 | ||
| 041 | _aeng | ||
| 050 | _a711.309428 | ||
| 110 |
_aGovernment Office for Yorkshire and the Humber _91897 |
||
| 245 | _aRegional planning guidance for Yorkshire and Humberside. | ||
| 260 |
_aLondon _bHMSO _c1996 |
||
| 300 | _a50p. : ill.,maps ; 30cm. | ||
| 350 | _a9.95 | ||
| 490 |
_aRPG _v12 |
||
| 520 | _aSuperseded by 2001 edition (ISBN 0117536180). | ||
| 650 | _aHUMBERSIDE | ||
| 650 | _aREGIONAL PLANNING | ||
| 650 | _aRPG12 | ||
| 650 | _aYORKSHIRE | ||
| 690 | _aPLANNING LAW AND PRACTICE | ||
| 710 |
_aUnited Kingdom _bDepartment of the Environment _9982 |
||
| 942 | _n0 | ||
| 948 | _c04/03/1997 | ||
| 999 |
_c96290 _d96290 |
||